{"text_format":"3","workbook":"xlsx","n_sheets":2,"sheets":["Table 1","Table 2"],"not_rendered":{"images":2},"read":"whole","date_system":"1900"}

{"sheet":"Table 1","index":0,"n_rows":68,"n_cols":11,"rows_kept":68,"merged":[[0,1,0,3],[0,4,0,11],[1,0,1,1],[1,3,1,4],[2,0,2,1],[2,3,2,4],[3,0,3,1],[3,3,3,4],[4,0,4,1],[4,3,4,4],[5,0,5,1],[5,3,5,4],[6,0,6,1],[6,3,6,4],[7,0,7,1],[7,3,7,4],[8,0,8,1],[8,3,8,4],[9,0,9,1],[9,3,9,4],[10,0,10,1],[10,3,10,4],[11,0,11,1],[11,3,11,4],[12,0,12,1],[12,3,12,4],[13,0,13,1],[13,3,13,4],[14,0,14,1],[14,3,14,4],[15,0,15,1],[15,3,15,4],[16,0,16,1],[16,3,16,4],[17,0,17,1],[17,3,17,4],[18,0,18,1],[18,3,18,4],[19,0,19,1],[19,3,19,4],[20,0,20,1],[20,3,20,4],[21,0,21,1],[21,3,21,4],[22,0,22,1],[22,3,22,4],[23,0,23,1],[23,3,23,4],[24,0,24,1],[24,3,24,4],[25,0,25,1],[25,3,25,4],[26,0,26,1],[26,3,26,4],[27,0,27,1],[27,3,27,4],[28,0,28,1],[28,3,28,4],[29,0,29,1],[29,3,29,4],[30,0,30,1],[30,3,30,4],[31,0,31,1],[31,3,31,4],[32,0,32,1],[32,3,32,4],[33,0,33,1],[33,3,33,4],[34,0,34,1],[34,3,34,4],[35,0,35,1],[35,3,35,4],[36,0,36,1],[36,3,36,4],[37,0,37,1],[37,3,37,4],[38,0,38,1],[38,3,38,4],[39,0,39,1],[39,3,39,4],[40,0,40,1],[40,3,40,4],[41,0,41,1],[41,3,41,4],[42,0,42,1],[42,3,42,4],[43,0,43,1],[43,3,43,4],[44,0,44,1],[44,3,44,4],[45,0,45,1],[45,3,45,4],[46,0,46,1],[46,3,46,4],[47,0,47,1],[47,3,47,4],[48,0,48,1],[48,3,48,4],[49,0,49,1],[49,3,49,4],[50,0,50,1],[50,3,50,4],[51,0,51,1],[51,3,51,4],[52,0,52,1],[52,3,52,4],[53,0,53,1],[53,3,53,4],[54,0,54,1],[54,3,54,4],[55,0,55,1],[55,3,55,4],[56,0,56,1],[56,3,56,4],[57,0,57,1],[57,3,57,4],[58,0,58,1],[58,3,58,4],[59,0,59,1],[59,3,59,4],[60,0,60,1],[60,3,60,4],[61,0,61,1],[61,3,61,4],[62,0,62,1],[62,3,62,4],[63,0,63,1],[63,3,63,4],[64,0,64,1],[64,3,64,4],[65,0,65,1],[65,3,65,4],[66,0,66,1],[66,3,66,4],[67,0,67,1],[67,3,67,4]]}
["HOSPITAL  HONDO VALLE\nALMACEN DE ALIMENTOS MES DE NOVIEMBRE","AŃO 2025",null,null,"INFORME MENSUAL"]
["BłEN",null,"UNIDAD DE\nMEDIDA","EXIS£ENCIA\nANTERIOR",null,"ENTRADA","EXISTENCIA\nFINAL","TOTAL\nCONSUMO","VALOR\nUNITARIO","VALOR TOTAL\nCONSUMIDO","VALOR TOTAL\nEXISTENCIA FINAL"]
["ACEITE DIAMNTE",null,"GALONE",28,null,0,19,9,{"v":375,"d":"$ 375.00"},{"v":3375,"d":"3,375.00"},{"v":7125,"d":"7,125.00"}]
["ARROZ, LIBRA",null,"LI8RA",600,null,0,375,225,{"v":28,"d":"$28.00"},{"v":6300,"d":"6,300.00"},{"v":10500,"d":"10,500.00"}]
["AVENA ŁtUAKER",null,"UNIUAU",28,null,"U","II",17,"Ș9O.CIO","1,53O.OO","900.OU"]
["GUANDULES VERDES",null,"UNIDAD",49,null,null,15,34,{"v":50,"d":"$50.00"},{"v":1700,"d":"1,700.00"},{"v":750,"d":"750.00"}]
["AZUCAR CREMA",null,"ŁIBRA",250,null,0,125,125,"Ș38.88",{"v":4860,"d":"4,860.00"},{"v":4860,"d":"4,860.00"}]
["BACALAO",null,"LIBRA","J0",null,null,2,8,{"v":220,"d":"$220.00"},{"v":1760,"d":"1,760.00"},{"v":440,"d":"440.00"}]
["CAFE TINTO",null,"SOBRE",852,null,null,601,251,{"v":18,"d":"$18.00"},{"v":4518,"d":"4,518.00"},"10,ß1ß.00"]
["CANEM ,LIBRA",null,"LIBRA",6,null,0,3,3,{"v":100,"d":"$100.00"},{"v":300,"d":"300.00"},{"v":300,"d":"300.00"}]
["L     GÃNI2A,LlBftA",null,"LIBRA",20,null,0,19,"I","Ş100.00","TOO",{"v":7900,"d":"7,900.00"}]
["CARNATION LECHE",null,"UNIDAD",179,null,0,75,104,{"v":71.25,"d":"$71.25"},{"v":7410,"d":"7,410.00"},{"v":5343.75,"d":"5,343.75"}]
["LECHE DE COCO",null,"UNIDAD",61,null,0,40,21,{"v":80,"d":"$80.00"},{"v":1680,"d":"1,680.00"},{"v":3200,"d":"3,200.00"}]
["CARNE DE RES,LIBRA",null,"LIBRA",120,null,0,50,70,{"v":205,"d":"$205.00"},{"v":14350,"d":"14,350.00"},{"v":10250,"d":"10,250.00"}]
["CEBOLLA,LIBRA",null,"LIBRA",80,null,0,50,30,{"v":60,"d":"$60.00"},{"v":1800,"d":"1,800.00"},{"v":3000,"d":"3,000.00"}]
["CARNE DE CERDO,LB",null,"LIBRA",120,null,0,60,60,{"v":5160,"d":"5160.00"},{"v":9600,"d":"9,600.00"},{"v":9600,"d":"9,600.00"}]
["CHOCOLATE TABLETA",null,"UNIDAO",300,null,0,197,103,{"v":10,"d":"$10.00"},{"v":1030,"d":"1,030.00"},{"v":1970,"d":"1,970.00"}]
["CHULETA,LIBRA",null,"LIBRA",55,null,0,30,25,{"v":145,"d":"$145.00"},{"v":3625,"d":"3,625.00"},{"v":4350,"d":"4,350.00"}]
["CODITOS,LIBRA",null,"LIBRA",10,null,0,9,1,{"v":40,"d":"$40.00"},{"v":40,"d":"40.00"},{"v":360,"d":"360.00"}]
["FIDEOS,LIBRA",null,"LIBRA",20,null,0,19,1,{"v":40,"d":"$40.00"},{"v":40,"d":"40.00"},{"v":760,"d":"760.00"}]
["GALLETAS HAIU",null,"LINID",720,null,0,384,6,"Ş10.00","3,3ó0.00",{"v":40,"d":"40.00"}]
["GUANDULES CON COCO",null,"UNIDAD",124,null,0,90,34,{"v":95,"d":"$95.00"},{"v":3230,"d":"3,230.00"},"8,S50.00"]
["HABICHUELAS JIRAS",null,"LIBRA",200,null,0,100,100,"$46.Z4",{"v":4624,"d":"4,624.00"},{"v":4624,"d":"4,624.00"}]
["HARINA MAZORCA",null,"UNIDAD",25,null,0,17,8,"$3S.00",{"v":280,"d":"280.00"},"S95.00"]
["MAIZ DULCE",null,"UNIDAD",82,null,null,74,8,{"v":85.41,"d":"$85.41"},683.28,{"v":6320.34,"d":"6,320.34"}]
["JAMON",null,"LIBRA",40,null,0,10,30,{"v":5180,"d":"5180.00"},{"v":5400,"d":"5,400.00"},{"v":1800,"d":"1,800.00"}]
["AJO",null,"LIBRA",43,null,null,5,38,{"v":150,"d":"$150.00"},{"v":5700,"d":"5,700.00"},{"v":750,"d":"750.00"}]
["AJI CUBAhIELA",null,"LIBRA",20,null,0,0,20,{"v":40,"d":"$40.00"},{"v":800,"d":"800.00"}]
["TOMATE BUGALU",null,"LIBRA",11,null,0,6,5,{"v":50,"d":"$50.00"},"2S0.00",{"v":300,"d":"300.00"}]
["1ÖK1ATE DE ENSALÆDA",null,"ŁJBRE",0,null,null,6,null,{"v":570,"d":"570.00"}]
["PEPINO",null,"LIBRA",5,null,null,0,"S",{"v":50,"d":"$50.00"},{"v":250,"d":"250.00"}]
["ZANAHOAI/\\",null,"LIBRA",30,null,0,0,30,{"v":60,"d":"$60.00"},"1,B00.00"]
["LECHUGA",null,"LIBRA",0,null,0,0,0,{"v":50,"d":"$50.00"}]
["TAYOTA",null,"LIBRA",15,null,0,0,15,{"v":40,"d":"$40.00"},{"v":600,"d":"600.00"}]
["REPOLLO",null,"UNIDAD","S",null,null,2,3,"Ș37.50",{"v":112.5,"d":"112.50"},{"v":75,"d":"75.00"}]
["BERENJENA",null,"LIBRA",20,null,0,0,20,{"v":40,"d":"40.00"},{"v":800,"d":"800.00"}]
["YUCA , LIBRA",null,"LIBRA",35,null,0,0,"3S",{"v":25,"d":"25.00"},{"v":875,"d":"875.00"}]
["HAUYAMA",null,"LIBRA",40,null,0,"U",40,53500,"1,4gO.00"]
["VASO PLASTICO 5",null,"PAQUETE",175,null,null,"HOO",75,{"v":56,"d":"$56.00"},{"v":4200,"d":"4,200.00"},{"v":5600,"d":"5,600.00"}]
["PLATO  PLASTICO",null,"UNIDAD",600,null,null,500,100,"W.7U",{"v":870,"d":"870.00"},{"v":4350,"d":"4,350.00"}]
["TENEDOR PLASTICO",null,"PAQUE IE",52,null,null,48,4,"Ș36.41",145.64,{"v":1747.68,"d":"1,747.68"}]
["TOALLA DE COCINA",null,"UNIDAD",12,null,0,6,"h",{"v":0,"d":"0.00"},{"v":510,"d":"510.00"},{"v":510,"d":"510.00"}]
["CUCHILLO DE COCINA",null,"UNIDAD",2,null,0,1,1,{"v":176,"d":"176.00"},{"v":175,"d":"175.00"},{"v":175,"d":"175.00"}]
["CUCHARA PLASTICA",null,"PAQUETE",24,null,0,21,3,{"v":36.41,"d":"$36.41"},109.23,"764.C1"]
["VASU £'LA5 I ICU 1U",null,"PAQUL I L",{"$nulls":3},"IOO",76,"Ș7tl.0O","5,32O.00"]
["VASO PLASTICO 7",null,"PAQUETE",130,null,0,100,30,{"v":70,"d":"$70.00"},{"v":2100,"d":"2,100.00"},{"v":7000,"d":"7,000.00"}]
["MALTA INDIA",null,"UNIDAD",130,null,0,12,118,{"v":30.5,"d":"30.50"},"3,S99.00",{"v":366,"d":"366.00"}]
["FOSFOftU",null,"Lf IîDAD",567,null,null,457,"C0","5.TIO","fifiO.00","Z,785.00"]
["SERVILLETAS PAQUETE",null,"PAQUETE",38,null,0,17,21,{"v":5140,"d":"5140.00"},{"v":2940,"d":"2,940.00"},{"v":2380,"d":"2,380.00"}]
["PASTA DE TOMATE",null,"UNIDAD",13,null,null,9,4,"$1B5.00",{"v":740,"d":"740.00"},{"v":1665,"d":"1,665.00"}]
["PAPA",null,"LIBRA",150,null,0,0,"J.50","fiS5.00","8,2    .00"]
["QUESO AMARILLO",null,"LIBRA",30,null,0,10,20,{"v":280,"d":"$280.00"},{"v":5600,"d":"5,600.00"},{"v":2800,"d":"2,800.00"}]
["SAL MOLIDA LIBRA",null,"LIBRA",72,null,0,52,20,"Ș15.00",{"v":300,"d":"300.00"},{"v":780,"d":"780.00"}]
["SALAIVII INDUVECA",null,"LIBRA",0,null,null,0,0,{"v":150,"d":"$150.00"}]
["SOPITA",null,"UNIDAD",523,null,0,288,235,{"v":10,"d":"$10.00"},{"v":2350,"d":"2,350.00"},{"v":2880,"d":"2,880.00"}]
["SPAGUETTIS",null,"LIBRA",37,null,0,33,4,{"v":40,"d":"$40.00"},{"v":160,"d":"160.00"},{"v":1320,"d":"1,320.00"}]
["VINAGRE",null,"GALONE",23,null,0,20,3,{"v":150,"d":"$150.00"},{"v":450,"d":"450.00"},{"v":3000,"d":"3,000.00"}]
["CHENCHEN",null,"LIBRA",60,null,0,26,34," $35.00",{"v":1190,"d":"1,190.00"},{"v":910,"d":"910.00"}]
["TRIGO",null,"LIBRA",30,null,null,26,4,"fi55.00",{"v":220,"d":"220.00"},{"v":1430,"d":"1,430.00"}]
["MAYONESA",null,"LIBRA",30,null,0,20,10,"fiI00.00","1,P00.00",{"v":2000,"d":"2,000.00"}]
["JUGO PARA LA MERIENDA",null,"UNIDAD","S63",null,0,408,155,{"v":25,"d":"$25.00"},"3,87S.00",{"v":10200,"d":"10,200.00"}]
["ATUN EN TROZO",null,"UNIDAD",107,null,0,70,37,"Ș95.00",{"v":3515,"d":"3,515.00"},{"v":6650,"d":"6,650.00"}]
["QUESO BLANCO",null,"LIBRA",40,null,0,20,20,{"v":5200,"d":"5200.00"},"4,&00.00",{"v":4000,"d":"4,000.00"}]
["LECHE LISTAMILK",null,"LITRO",48,null,0,32,16,"C8S.58",{"v":1369.28,"d":"1,369.28"},{"v":2738.56,"d":"2,738.56"}]
["MANTEQUILLA",null,"LIBRA",18.3,null,0,9,9.3,"Ș70.00",{"v":651,"d":"651.00"},{"v":630,"d":"630.00"}]
["MAIZENA",null,"UNIDAD",20,null,0,15,5,{"v":100,"d":"$100.00"},"S00.00",{"v":1500,"d":"1,500.00"}]
["HUEVO",null,"UNIDAD",420,null,0,90,330,{"v":200,"d":"200.00"},{"v":66000,"d":"66,000.00"},{"v":18000,"d":"18,000.00"}]
["FUNDA DE PAN",null,"FUNDA",23,null,0,5,18,{"v":50,"d":"$50.00"},{"v":900,"d":"900.00"},{"v":250,"d":"250.00"}]

{"sheet":"Table 2","index":1,"n_rows":1,"n_cols":2,"rows_kept":1}
["**\"         ’/'^*\nMORANNY OGANDO","Valor Consumido =   S      215,771.93 Valor Total Exist. Final =   $      196,302.94"]